| 000 | 01443nam0a22002651 4500 | ||
|---|---|---|---|
| 001 | rc\1187311 | ||
| 005 | 20260407122444.0 | ||
| 035 | _a(NLR Aleph) 006428717 | ||
| 090 |
_a5526143 _c5526143 |
||
| 100 | _a20041129d1980 |||y0rusy50 ca | ||
| 101 | 0 | _arus | |
| 102 | _aRU | ||
| 105 | _aa ||||||||| | ||
| 200 | 1 |
_aУсиление межпредметных связей как средство повышения эффективности преподавания математики в школе _eМетод. рекомендации в помощь учителям-предметникам общеобразоват. школ _fВорошиловгр. обл. ин-т усоверш. учителей и др. _g[Подгот. Алексахиным П.Б., Рябининой А.Г.] |
|
| 210 |
_aВорошиловград _cБ. и. _d1980 |
||
| 215 |
_a25 с. _cил. _d20 |
||
| 300 | _aВ надзаг. также: Ворошиловгр. гос. пед. ин-т им. Т.Г. Шевченко, Обл. отд-ние Пед. о-ва УССР | ||
| 320 | _aБиблиогр.: с. 25 (15 назв.) | ||
| 702 | 1 |
_aАлексахин _bП.Б. _4570 |
|
| 712 | 0 | 2 |
_aВорошиловградский областной институт усовершенствования учителей _3RU\NLR\AUTH\889958865 _9413910 |
| 801 | 0 |
_aRU _bNLR _gpsbo |
|
| 801 | 1 |
_aRU _bELAR _2rusmarc |
|
| 852 |
_aNLR _j80-4/31076 |
||
| 942 | _cBOOK | ||
| 980 | _aNB | ||